000 00289nam a2200121Ia 4500
008 220216s9999 xx 000 0 und d
100 _aMathew J
245 0 _aRubber thottathil veno kothuku valarthal
260 _bKarshakasree
_c2010
300 _a24
700 _aJose V.T.
942 _cBS
999 _c50106
_d50106